1897 1700 1182 1073 1299 1830 1839 1172 1114 1729 1416 1271 1880 1046 1609 1143 1929 1576 1882 1399 1708 1819 1761 1476 1101 1828 1111 1748 1188 1995 1542 1302 1981 1582 1528 1042 1211 1783 1853 1846 1464 1473 1774 1566 1015 1759 1698 1027 1940 1540 1592 1705 1444 1774 1747 1250 1293 1786 1944 1029 1912 1516 1850 1287 1153 1257 1409 1548 1450 1148 1942 1407 1122 1302 1545 1025 1119 1065 1084 1758 1179 1983 1978 1440 1852 1624 1989 1027 1224 1177 1661 1225 1743 1748 1644 1065 1522 1410 1578 BCNSPRNW ULIB Ver.6.0+V

เปลี่ยนเป็นภาษาไทย

Change to English
 แสดงรายละเอียดบรรณานุกรม
  กลับหน้าหลัก

Brief Record : Get Marc (ISO 2709) : E-mail record : QR code < ปิดหน้าต่าง
LEADER : 00000nam 2200000uu 4500
001    13399114463
003     ULIB
008    111117s||||||||th 000 0 tha d
020    ^a9789748230764
060  4 ^aWY100^bอ275ก
100 0  อมร สุวรรณนิมิตร
245 00 การพยาบาลปฐมภูมิกับการสร้างพลังอำนาจชุมชน/^cอมร สุวรรณนิมิตร
250    ^aพิมพ์ครั้งที่ 1
260    ^aมหาสารคาม:^bคณะพยาบาลศาสตร์ มหาวิทยาลัยมหาสารคาม,^c2553
300    ^a400 หน้า
650  7 การพยาบาลปฐมภูมิ^xการสร้างพลังอำนาจชุมชน
710 1  มหาวิทยาลัยมหาสารคาม.^bคณะพยาบาลศาสตร์
945    ^p0^l0^i031587
995    ทศพร
999    ^aใช้งานได้ทุกระบบ
รายการนี้ยังไม่มีแท็ก
คุณยังไม่ได้ล็อกอิน คุณสามารถมีกิจกรรมร่วมกับเว็บไซต์ได้ แต่ต้องล็อกอินก่อน ::
  ล็อกอิน

รายการสื่อสารสนเทศ

ลำดับที่ ประเภท เลขเรียก/บาร์โค้ด สถานที่ สถานะ
1. วิทยาศาสตร์การแพทย์ และสุขภาพ
หนังสือสำรอง
สถานะ=หนังสือสำรอง
WY100 อ275ก ฉ.1 
  Barcode: 031587
ห้องสมุดวิทยาเขตสวรรค์ประชารักษ์
►ส่วนจัดเก็บหนังสือเก่า สปร
บนชั้น
  ขอยืม

รายการใกล้เคียง
    ผู้แต่ง [อมร สุวรรณนิมิตร]

BibComment


ยังไม่เคยถูกคอมเมนท์

คอมเมนท์ทรัพยากรรายการนี้
  คอมเมนท์: การพยาบาลปฐมภูมิก..


 Copyright 2026. Bcnsprnw @Library